杭州地铁所有站点(地图版) - Statistics

General Stats
  • This quiz has been taken 15 times
    7 since last reset
  • The average score is 128 of 273
Answers on the Map
Answers color-coded by a green-red scale on the quiz's map according to % correct below.
 
Answer Stats
线路 地铁站 % Correct
1、7、19号线 萧山国际机场
100%
4、5号线 南星桥
86%
5号线 浙大紫金港
86%
9号线 临平
86%
16号线 南湖
86%
1号线 湘湖
71%
1、5号线 城站
71%
1号线 定安路
71%
1号线 龙翔桥
71%
1、2号线 凤起路
71%
1、5号线 打铁关
71%
1、4号线 火车东站
71%
1号线 七堡
71%
1号线 九堡
71%
1号线 下沙江滨
71%
2、5号线 人民广场
71%
2号线 庆春广场
71%
2号线 杜甫村
71%
2号线 良渚
71%
3号线 大关
71%
3号线 吴山前村
71%
3号线 石马
71%
4、6号线 中医药大学
71%
4号线 水澄桥
71%
1、4号线 近江
71%
4号线 新塘
71%
4号线 新风
71%
5号线 杭氧
71%
2、5号线 建国北路
71%
5号线 候潮门
71%
5号线 火车南站
71%
5号线 姑娘桥
71%
2、6号线 钱江世纪城
71%
6号线 美院象山
71%
6号线 受降
71%
7号线 吴山广场
71%
4、7号线 市民中心
71%
2、4、9号线 钱江路
71%
9号线 五堡
71%
1、9号线 客运中心
71%
9号线 乔司南
71%
9号线 乔司
71%
3、10号线 黄龙体育中心
71%
3、19号线 火车西站
71%
19号线 西溪湿地北
71%
10、19号线 文三路
71%
6、19号线 火车东站(东广场)
71%
9、19号线 御道
71%
9号线、杭海城际 临平南高铁站
71%
杭海城际 浙大国际校区
71%
1号线 西兴
57%
1号线 婺江路
57%
1、3号线 武林广场
57%
1号线 闸弄口
57%
1、4号线 彭埠
57%
1号线 九和路
57%
1号线 金沙湖
57%
1、8号线 文海南路
57%
1号线 杭州大会展中心
57%
2号线 朝阳
57%
2号线 曹家桥
57%
2号线 庆菱路
57%
2号线 中河北路
57%
2、3号线 武林门
57%
2号线 下宁桥
57%
2号线 虾龙圩
57%
2号线 三墩
57%
3号线 香积寺
57%
3号线 潮王路
57%
3号线 西溪湿地南
57%
3号线 文一西路
57%
3号线 留下
57%
4号线 浦沿
57%
4号线 复兴路
57%
4号线 城星路
57%
4号线 江锦路
57%
4号线 景芳
57%
4号线 笕桥老街
57%
4、10号线 杭行路
57%
5号线 金星
57%
5号线 杭师大仓前
57%
5号线 五常
57%
5号线 大运河
57%
5号线 宝善桥
57%
5、6号线 长河
57%
6号线 枸桔弄
57%
6号线 昙花庵路
57%
6号线 博览中心
57%
6、7号线 奥体中心
57%
1、6号线 江陵路
57%
6号线 之江文化中心
57%
6号线 富阳客运中心
57%
6号线 阳陂湖
57%
7号线 莫邪塘
57%
7、9号线 观音塘
57%
9号线 江河汇
57%
9号线 六堡
57%
9号线 龙安
57%
16号线 临安广场
57%
16号线 农林大学
57%
16号线 青山湖
57%
19号线 苕溪
57%
19号线 五联
57%
1、3、19号线 西湖文化广场
57%
杭海城际 海宁高铁西站
57%
杭海城际 长安(东方学院)
57%
杭海城际 皮革城
57%
1、5号线 滨康路
43%
1号线 滨和路
43%
1号线 高沙路
43%
1号线 云水
43%
2号线 潘水
43%
2号线 杭发厂
43%
2号线 建设一路
43%
2号线 飞虹路
43%
2号线 盈丰路
43%
2号线 古翠路
43%
2号线 丰潭路
43%
2、5号线 三坝
43%
3号线 星桥
43%
3号线 黄鹤山
43%
3号线 华鹤街
43%
3号线 丁桥
43%
3号线 桃花湖公园
43%
3、4号线 新天地街
43%
3、5号线 善贤
43%
3号线 黄龙洞
43%
3号线 古荡
43%
3号线 古墩路
43%
3号线 花坞
43%
3号线 洪园
43%
3号线 联胜路
43%
3号线 高教路
43%
3号线 汤家村
43%
3号线 小和山
43%
4号线 杨家墩
43%
4号线 联庄
43%
4号线 甬江路
43%
4号线 黎明
43%
4号线 华中南路
43%
4号线 独城生态公园
43%
4号线 平安桥
43%
4号线 好运街
43%
2、4号线 金家渡
43%
4号线 池华街
43%
5号线 南湖东
43%
5号线 良睦路
43%
5号线 蒋村
43%
5号线 萍水街
43%
5号线 拱宸桥东
43%
5号线 东新园
43%
5号线 万安桥
43%
5号线 聚才路
43%
5号线 金鸡路
43%
5号线 育才北路
43%
5号线 通惠中路
43%
5号线 双桥
43%
6号线 亚运村
43%
6号线 丰北
43%
6号线 星民
43%
6号线 江汉路
43%
6号线 建业路
43%
6号线 伟业路
43%
6号线 西浦路
43%
6号线 枫桦西路
43%
6号线 野生动物园东
43%
6号线 银湖
43%
6号线 虎啸杏
43%
6号线 高桥
43%
6号线 桂花西路
43%
6号线 双浦
43%
5、7号线 江城路
43%
7号线 兴议
43%
2、7号线 建设三路
43%
7号线 新街
43%
7号线 盈中
43%
7号线 坎山
43%
7号线 新港
43%
7号线 塘新线
43%
7号线 江东二路
43%
7、8号线 青六中路
43%
8号线 桥头堡
43%
8号线 工商大学云滨
43%
9号线 新业路
43%
6、9号线 三堡
43%
9号线 翁梅
43%
9号线 南苑
43%
2、10号线 学院路
43%
10号线 翠柏路
43%
5、10号线 和睦
43%
16号线 南峰
43%
16号线 凤新路
43%
3、5、16号线 绿汀路
43%
5、19号线 创景路
43%
19号线 海创园
43%
19号线 荆长路
43%
2、19号线 沈塘桥
43%
19号线 驿城路
43%
19号线 耕文路
43%
19号线 知行路
43%
7、19号线 永盛路
43%
杭海城际 盐官
43%
1号线 下沙西
29%
1号线 文泽路
29%
1号线 南阳
29%
1号线 向阳路
29%
2号线 人民路
29%
2号线 振宁路
29%
2号线 文新
29%
2号线 墩祥街
29%
2号线 白洋
29%
3号线 同协路
29%
3号线 华丰路
29%
3号线 古荡新村
29%
3号线 东岳
29%
3号线 全丰
29%
3号线 创明路
29%
3号线 龙舟北路
29%
3号线 屏峰
29%
4号线 明石路
29%
4号线 皋亭坝
29%
4号线 桃源街
29%
4号线 吴家角港
29%
4号线 储运路
29%
5号线 葛巷
29%
5号线 永福
29%
5号线 西文街
29%
5号线 江晖路
29%
5号线 博奥路
29%
6号线 元宝塘
29%
6号线 诚业路
29%
6号线 音乐学院
29%
6号线 霞鸣街
29%
6号线 科海路
29%
7号线 明星路
29%
7号线 新兴路
29%
7号线 新汉路
29%
7号线 合欢路
29%
7号线 义蓬
29%
8号线 新湾路
29%
8号线 冯娄村
29%
8号线 仓北村
29%
9号线 九睦路
29%
9号线 邱山大街
29%
9号线 荷禹路
29%
9号线 五洲路
29%
10号线 北大桥
29%
10号线 花园岗
29%
10号线 渡驾桥
29%
10号线 祥园路
29%
10号线 金德路
29%
16号线 九州街
29%
16号线 八百里
29%
16号线 青山湖科技城
29%
16号线 中泰
29%
16号线 禹航路
29%
19号线 平澜路
29%
杭海城际 许村
29%
杭海城际 斜桥
29%
杭海城际 海昌路
29%
1号线 港城大道
14%
3号线 汽轮广场
14%
6号线 中村
14%
6号线 公望街
14%
7号线 新镇路
14%
7号线 启成路
14%
8号线 青西三路
14%
8号线 河庄路
14%
9号线 红普南路
14%
10号线 逸盛路
14%
杭海城际 长安东
14%
杭海城际 周王庙
14%
杭海城际 桐九公路
14%
No matching quizzes found
Score Distribution
Percent of People with Each Score
Percentile by Number Answered
Your Score History
You have not taken this quiz since the last reset